Statistiken für Größte Gemeinden Österreichs mit "O"

Klicken Sie hier um das Quiz zu spielen!

Allgemein

  • Dieses Quiz wurde 42 mal gespielt
  • Das Durchschnittsergebnis liegt bei 4 aus 10

Antwortstatistiken

EinwohnerBezirkBundeslandGemeinde% Korrekt
7.623OberwartBurgenlandOberwart
100%
5.806Salzburg-UmgebungSalzburgOberndorf bei Salzburg
65%
4.767Urfahr-UmgebungOberösterreichOttensheim
55%
3.952VöcklabruckOberösterreichOttnang am Hausruck
48%
5.243GmundenOberösterreichOhlsdorf
45%
3.758MurtalSteiermarkObdach
32%
4.365HalleinSalzburgOberalm
32%
4.823Salzburg-UmgebungSalzburgObertrum am See
29%
4.567St. Pölten-LandNiederösterreichOber-Grafendorf
26%
4.682BadenNiederösterreichOberwaltersdorf
13%

Verteilung der Resultate

Perzentil nach korrekt beantworteten Fragen

Anzahl Personen mit jedem Resultat

Ihre Resultats-Entwicklung

Sie haben dieses Quiz noch nicht gespielt